<?xml version="1.0" encoding="UTF-8"?><marc:collection xmlns:marc="http://www.loc.gov/MARC21/slim">
  <marc:record>
    <marc:leader>00000nam##2200000za#4500</marc:leader>
    <marc:controlfield tag="001">9.678474</marc:controlfield>
    <marc:controlfield tag="003">CaOODSP</marc:controlfield>
    <marc:controlfield tag="005">20200401054940</marc:controlfield>
    <marc:controlfield tag="007">ta</marc:controlfield>
    <marc:controlfield tag="008">150407|1993||||xxc|||||     f|0| 0 fre|d</marc:controlfield>
    <marc:datafield tag="020" ind1=" " ind2=" ">
      <marc:subfield code="a">0-660-94045-0</marc:subfield>
    </marc:datafield>
    <marc:datafield tag="040" ind1=" " ind2=" ">
      <marc:subfield code="a">CaOODSP</marc:subfield>
      <marc:subfield code="b">fre</marc:subfield>
    </marc:datafield>
    <marc:datafield tag="043" ind1=" " ind2=" ">
      <marc:subfield code="a">n-cn---</marc:subfield>
    </marc:datafield>
    <marc:datafield tag="086" ind1="1" ind2=" ">
      <marc:subfield code="a">L31-93/1993F</marc:subfield>
    </marc:datafield>
    <marc:datafield tag="110" ind1="1" ind2=" ">
      <marc:subfield code="a">Canada.</marc:subfield>
      <marc:subfield code="b">Travail Canada.</marc:subfield>
    </marc:datafield>
    <marc:datafield tag="245" ind1="1" ind2="0">
      <marc:subfield code="a">SIMDUT programmes de sensibilisation et de formation : </marc:subfield>
      <marc:subfield code="b">directives à l'intention des employeurs, des travailleurs et des travailleuses, et des organismes de réglementation / </marc:subfield>
      <marc:subfield code="c">Préparé par le Sous-comité sur la sensibilisation et la formation au SIMDUT. Publié par le Comité des questions actuelles du SIMDUT. </marc:subfield>
    </marc:datafield>
    <marc:datafield tag="260" ind1=" " ind2=" ">
      <marc:subfield code="a">Ottawa - Ontario : </marc:subfield>
      <marc:subfield code="b">Travail Canada </marc:subfield>
      <marc:subfield code="c">1993.</marc:subfield>
    </marc:datafield>
    <marc:datafield tag="300" ind1=" " ind2=" ">
      <marc:subfield code="a">vii, 65p. : </marc:subfield>
      <marc:subfield code="b">figures, ill., références ; </marc:subfield>
      <marc:subfield code="c">28 cm.</marc:subfield>
    </marc:datafield>
    <marc:datafield tag="500" ind1=" " ind2=" ">
      <marc:subfield code="a">SIMDUT = Système d'information sur les matières dangereuses utilisées au travail. Données de catalogage avant publication (Canada) imprimées dans cette publication.</marc:subfield>
    </marc:datafield>
    <marc:datafield tag="520" ind1="3" ind2=" ">
      <marc:subfield code="a">Le SIMDUT est le système d'information sur les matières dangereuses utilisées au travail. Mis au point par des représentants de groupes de travailleurs, d'associations de l'industrie, d'organismes de réglementation en matière d'hygiène et de sécurité au travail ainsi que des gouvernements fédéral et provinciaux, les programmes de sensibilisation et de formation du SIMDUT renseignent les travailleurs au sujet des matières dangereuses et des mesures à prendre au travail relativement à toute une gamme de produits dangereux. Ce guide d'information vous permettra d'apprendre à répondre aux besoins des nouveaux employés ou des travailleurs ayant des difficultés d'apprentissage, de modifier la formation en fonction des besoins de certaines industries, de surveiller et d'évaluer les programmes une fois mis en oeuvre de même que de trouver des formateurs et des consultants compétents.</marc:subfield>
    </marc:datafield>
    <marc:datafield tag="563" ind1=" " ind2=" ">
      <marc:subfield code="a">Couverture souple</marc:subfield>
    </marc:datafield>
    <marc:datafield tag="590" ind1=" " ind2=" ">
      <marc:subfield code="a">94-01</marc:subfield>
      <marc:subfield code="b">1994-01-07</marc:subfield>
    </marc:datafield>
    <marc:datafield tag="691" ind1="0" ind2="7">
      <marc:subfield code="a">Santé au travail</marc:subfield>
      <marc:subfield code="2">gcpds</marc:subfield>
    </marc:datafield>
    <marc:datafield tag="691" ind1="0" ind2="7">
      <marc:subfield code="a">Produit dangereux</marc:subfield>
      <marc:subfield code="2">gcpds</marc:subfield>
    </marc:datafield>
    <marc:datafield tag="775" ind1="0" ind2="8">
      <marc:subfield code="t">WHMIS education and training programs : </marc:subfield>
      <marc:subfield code="w">(CaOODSP)9.644650</marc:subfield>
    </marc:datafield>
  </marc:record>
</marc:collection>
